Heat and mass transfer / (Record no. 152422)
[ view plain ]
| 000 -LEADER | |
|---|---|
| fixed length control field | 01212nam a22002897a 4500 |
| 005 - DATE AND TIME OF LATEST TRANSACTION | |
| control field | 20181022131946.0 |
| 010 ## - LCCN (DPL NO) | |
| LC control number | ENG-103070 B-710610 |
| 020 ## - INTERNATIONAL STANDARD BOOK NUMBER | |
| International Standard Book Number | 9780070702530 |
| Terms of availability | 620.00 |
| 035 ## - SYSTEM CONTROL NUMBER | |
| System control number | B-694036 |
| 035 ## - SYSTEM CONTROL NUMBER | |
| System control number | B-710610 |
| 037 ## - SOURCE OF ACQUISITION | |
| Source of stock number/acquisition | R.K.Books |
| 082 ## - DEWEY DECIMAL CLASSIFICATION NUMBER | |
| Classification number | 621.4022 |
| 100 ## - MAIN ENTRY--PERSONAL NAME | |
| Personal name | Nag, P.K. |
| 245 ## - TITLE STATEMENT | |
| Title | Heat and mass transfer / |
| Statement of responsibility, etc | by P.K. Nag |
| 250 ## - EDITION STATEMENT | |
| Edition statement | 3rd ed. |
| 260 ## - PUBLICATION, DISTRIBUTION, ETC. (IMPRINT) | |
| Place of publication, distribution, etc | New Delhi |
| Name of publisher, distributor, etc | Tata McGraw Hill |
| Date of publication, distribution, etc | 2017 |
| 260 ## - PUBLICATION, DISTRIBUTION, ETC. (IMPRINT) | |
| Place of publication, distribution, etc | New Delhi |
| Name of publisher, distributor, etc | McGraw Hill Education |
| Date of publication, distribution, etc | 2017 |
| 270 ## - ADDRESS | |
| Address | 7, West Patel Nagar |
| City | New Delhi |
| Postal code | 110008 |
| 270 ## - ADDRESS | |
| Address | Plot No.16, Main Loni Road, Jawahar Nagar Industrial Area,Shahdara |
| City | New Delhi |
| Postal code | 110094 |
| 270 ## - ADDRESS | |
| Address | 444/1, Sri Ekambara Naicker Industrial Estate, Alapakkam, Porur |
| City | Chennai |
| Postal code | 600116 |
| 300 ## - PHYSICAL DESCRIPTION | |
| Extent | xvi, 798p. |
| Dimensions | 24 cm.(pbk) |
| 500 ## - GENERAL NOTE | |
| General note | Rashtrpati-2 |
| 500 ## - GENERAL NOTE | |
| General note | Includes bibliographical references and index |
| 942 ## - ADDED ENTRY ELEMENTS (KOHA) | |
| Source of classification or shelving scheme | Dewey Decimal Classification |
| Item type | English Books |
| Call number suffix | NAG |
| Classification part | 621.4022 |
| Withdrawn status | Lost status | Not for loan | Collection code | Home library | Current library | Date acquired | Source of acquisition | Cost, normal purchase price | Full call number | Barcode | Copy number | Cost, replacement price | Koha item type | Public note |
|---|---|---|---|---|---|---|---|---|---|---|---|---|---|---|
| Non-fiction | R.C.Libraries (BL-III) | R.C.Libraries (BL-III) | 22/10/2018 | RK Books/IN1915/18-19/13-10-18/532/04-10-18/15-10-18 | 620.00 | 621.4022 NAG | B-710610 | 1 | 620.00 | English Books | ||||
| Non-fiction | Sarojini Nagar | Sarojini Nagar | 30/05/2018 | R.K.Books/398/23.05.2018/456/18.05.2018/29.05.2018 | 620.00 | 621.4022 NAG | B-694036 | 1 | 620.00 | English Books | Rashtrpati-2 |
